[Event "HUN-chT2 Erkel 2324"]
[Site "Hunagry"]
[Date "2024.04.21"]
[Round "8.4"]
[White "Markos, Adam"]
[Black "Lehmann, Zoltan"]
[Result "0-1"]
[WhiteElo "2089"]
[BlackElo "2268"]
[PlyCount "92"]
[EventDate "2023.10.08"]
[EventType "team-tourn"]
[EventRounds "9"]
[EventCountry "HUN"]
[SourceTitle "EXT 2025"]
[Source "ChessBase"]
[SourceDate "2024.10.14"]
[SourceVersion "1"]
[SourceVersionDate "2024.10.14"]
[SourceQuality "1"]
[WhiteTeam "Dunaharaszti II"]
[BlackTeam "EUTender Sinus"]
[WhiteTeamCountry "HUN"]
[BlackTeamCountry "HUN"]

1. e4 e5 2. Nf3 Nc6 3. Bb5 a6 4. Ba4 Nf6 5. d3 Bc5 6. 0-0 b5 7. Bb3 0-0 8. a4 Rb8 9. axb5 axb5 10. Be3 d6 11. Bxc5 dxc5 12. Nbd2 Qd6 13. Ra3 h6 14. Re1 g6 15. Nf1 Rd8 16. Qc1 Kg7 17. Ne3 c4 18. dxc4 b4 19. Ra1 Nxe4 20. Nd5 Nc5 21. Qe3 f6 22. h3 e4 23. Nh2 Bf5 24. Nf1 g5 25. g4 Bg6 26. Red1 Ne5 27. Ra7 Rd7 28. Qg3 c6 29. Rxd7+ Ncxd7 30. Nde3 Qe7 31. Nh2 Nc5 32. Nef1 Ne6 33. Qe3 c5 34. Nd2 Rd8 35. Re1 Rd4 36. Nhf1 Qd6 37. Kh1 Nf4 38. Ra1 Qd7 39. Ra5 Qc7 40. Ra1 h5 41. gxh5 Nxh5 42. Nh2 Qd7 43. Ndf1 Nf4 44. h4 Nf3 45. hxg5 fxg5 46. Nxf3 Qh3+ 0-1

[Event "HUN-chT2 Erkel 2324"]
[Site "Hunagry"]
[Date "2023.12.10"]
[Round "3.4"]
[White "Tornai, Imre"]
[Black "Markos, Adam"]
[Result "0-1"]
[WhiteElo "2038"]
[BlackElo "2089"]
[PlyCount "54"]
[EventDate "2023.10.08"]
[EventType "team-tourn"]
[EventRounds "9"]
[EventCountry "HUN"]
[SourceTitle "EXT 2025"]
[Source "ChessBase"]
[SourceDate "2024.10.14"]
[SourceVersion "1"]
[SourceVersionDate "2024.10.14"]
[SourceQuality "1"]
[WhiteTeam "Vac"]
[BlackTeam "Dunaharaszti II"]
[WhiteTeamCountry "HUN"]
[BlackTeamCountry "HUN"]

1. e4 c6 2. Nc3 d5 3. Nf3 Bg4 4. h3 Bxf3 5. Qxf3 e6 6. exd5 cxd5 7. d4 Nc6 8. Bb5 Qb6 9. Be3 a6 10. Bxc6+ bxc6 11. Nd1 Nf6 12. 0-0 Bd6 13. b3 Ne4 14. c4 Bb8 15. Qg4 Qc7 16. g3 f5 17. Qh4 0-0 18. Bf4 Qb6 19. c5 Qb4 20. Be3 Ra7 21. Nb2 Qc3 22. Na4 Qd3 23. Rfe1 f4 24. Rad1 fxe3 25. Rxd3 exf2+ 26. Kf1 fxe1Q+ 27. Kxe1 Raf7 0-1

[Event "HUN-chT2 Erkel 2324"]
[Site "Hunagry"]
[Date "2023.10.29"]
[Round "2.6"]
[White "Markos, Adam"]
[Black "Hangay, Oliver"]
[Result "1-0"]
[WhiteElo "2089"]
[BlackElo "1900"]
[PlyCount "39"]
[EventDate "2023.10.08"]
[EventType "team-tourn"]
[EventRounds "9"]
[EventCountry "HUN"]
[SourceTitle "EXT 2025"]
[Source "ChessBase"]
[SourceDate "2024.10.14"]
[SourceVersion "1"]
[SourceVersionDate "2024.10.14"]
[SourceQuality "1"]
[WhiteTeam "Dunaharaszti II"]
[BlackTeam "HASE"]
[WhiteTeamCountry "HUN"]
[BlackTeamCountry "HUN"]

1. e4 e5 2. Nf3 Nc6 3. Bb5 a6 4. Ba4 Nf6 5. d3 b5 6. Bb3 Be7 7. 0-0 0-0 8. a4 Bb7 9. Nc3 b4 10. Nd5 Na5 11. Nxe7+ Qxe7 12. Ba2 h6 13. Nh4 d5 14. Nf5 Qd7 15. f3 Kh7 16. Qe1 c5 17. Qg3 Ne8 18. Qxe5 f6 19. Qg3 Nc7 20. Bf4 1-0

[Event "HUN-chT2 Erkel 2324"]
[Site "Hunagry"]
[Date "2023.10.08"]
[Round "1.5"]
[White "Markos, Adam"]
[Black "Fecske, Csaba"]
[Result "1/2-1/2"]
[WhiteElo "2089"]
[BlackElo "1951"]
[PlyCount "52"]
[EventDate "2023.10.08"]
[EventType "team-tourn"]
[EventRounds "9"]
[EventCountry "HUN"]
[SourceTitle "EXT 2025"]
[Source "ChessBase"]
[SourceDate "2024.10.14"]
[SourceVersion "1"]
[SourceVersionDate "2024.10.14"]
[SourceQuality "1"]
[WhiteTeam "Dunaharaszti II"]
[BlackTeam "Godolloi SBE"]
[WhiteTeamCountry "HUN"]
[BlackTeamCountry "HUN"]

1. e4 c5 2. Nf3 e6 3. d4 cxd4 4. Nxd4 Nc6 5. Nb5 d6 6. Bf4 e5 7. Be3 a6 8. N5c3 Nf6 9. Be2 Be6 10. 0-0 Be7 11. Nd5 0-0 12. Bb6 Qd7 13. f3 Bxd5 14. exd5 Bd8 15. Bf2 Ne7 16. c4 Nc8 17. Qb3 Rb8 18. Nc3 Ba5 19. a4 Qc7 20. Qa3 Bb6 21. a5 Bxf2+ 22. Rxf2 Ne7 23. Bd3 Rfc8 24. b4 h6 25. Na4 Nd7 26. Rc2 Rd8 1/2-1/2

[Event "Hungary PMCSB 2020"]
[Site "Hungary"]
[Date "2020.01.26"]
[Round "2.1"]
[White "Cselotei, Ivan"]
[Black "Markos, Adam"]
[Result "1/2-1/2"]
[WhiteElo "2085"]
[BlackElo "2211"]
[PlyCount "36"]
[EventDate "2019.08.12"]
[EventType "swiss"]
[EventRounds "2"]
[EventCountry "HUN"]
[SourceTitle "EXT 2025"]
[Source "ChessBase"]
[SourceDate "2024.10.14"]
[SourceVersion "1"]
[SourceVersionDate "2024.10.14"]
[SourceQuality "1"]

1. e4 c5 2. Nf3 e6 3. d4 cxd4 4. Nxd4 a6 5. c4 d6 6. Nc3 Nd7 7. Be2 Qc7 8. Be3 b6 9. Rc1 Bb7 10. f4 Ngf6 11. Bf3 h5 12. f5 e5 13. Nd5 Qd8 14. Ne2 b5 15. Nec3 bxc4 16. Qa4 Nxd5 17. Nxd5 Bxd5 18. exd5 Be7 1/2-1/2

[Event "HUN-chT2 Maroczy 1819"]
[Site "Hungary"]
[Date "2019.02.10"]
[Round "7.5"]
[White "Urhegyi, Marton"]
[Black "Markos, Adam"]
[Result "0-1"]
[WhiteElo "2312"]
[BlackElo "2192"]
[PlyCount "110"]
[EventDate "2018.09.23"]
[EventType "team-tourn"]
[EventRounds "11"]
[EventCountry "HUN"]
[SourceTitle "EXT 2020"]
[Source "ChessBase"]
[SourceDate "2019.10.17"]
[SourceVersion "1"]
[SourceVersionDate "2019.10.17"]
[SourceQuality "1"]
[WhiteTeam "Kobanya Aquarena II"]
[BlackTeam "Dunaharaszti II"]
[WhiteTeamCountry "HUN"]
[BlackTeamCountry "HUN"]

1. e4 e6 2. d4 d5 3. Nd2 Nf6 4. e5 Nfd7 5. c3 c5 6. Bd3 b6 7. Ne2 Ba6 8. Bxa6 Nxa6 9. 0-0 Be7 10. f4 Nc7 11. Nf3 Qc8 12. Be3 Qa6 13. Qd2 Nb8 14. dxc5 bxc5 15. Ng3 g6 16. b4 d4 17. cxd4 cxb4 18. Ne4 Nd7 19. Ne1 Qb7 20. Qd3 Rd8 21. Rc1 Nb6 22. Bf2 Rd7 23. Qf3 Qd5 24. Nd3 Nb5 25. Ndc5 Rd8 26. Rfd1 Kf8 27. g4 Nc3 28. Rxc3 bxc3 29. Qxc3 h5 30. g5 Kg7 31. Qa3 Nd7 32. Re1 Nxc5 33. dxc5 Rd7 34. Qa4 Rc7 35. Rd1 Qb7 36. Nd6 Qf3 37. Re1 h4 38. Kf1 Rb8 39. Qd4 a5 40. Rc1 Qh1+ 41. Bg1 h3 42. Qf2 Kg8 43. Qg3 Rb4 44. a3 Rxf4+ 45. Ke2 Ra4 46. Qxh3 Qd5 47. Qe3 Qa2+ 48. Ke1 Rxa3 49. Qf4 Bd8 50. c6 Qg2 51. Be3 Ra2 52. Bd2 Rxd2 53. Qxd2 Qxd2+ 54. Kxd2 Bxg5+ 55. Kd1 Bxc1 0-1

[Event "Greenwood Village Colorado op"]
[Site "Greenwood"]
[Date "2019.??.??"]
[Round "4"]
[White "Bhavikatti, Neil"]
[Black "Markos, Adam"]
[Result "1-0"]
[WhiteElo "1940"]
[BlackElo "2218"]
[PlyCount "83"]
[EventDate "2019.08.31"]
[EventType "swiss"]
[EventRounds "5"]
[EventCountry "USA"]
[SourceTitle "EXT 2022"]
[Source "ChessBase"]
[SourceDate "2021.10.06"]
[SourceVersion "1"]
[SourceVersionDate "2021.10.06"]
[SourceQuality "1"]

1. e4 e6 2. d4 d5 3. Nd2 Nf6 4. e5 Nfd7 5. c3 c5 6. f4 b6 7. Ndf3 Be7 8. Ne2 Ba6 9. f5 Bxe2 10. Bxe2 Nc6 11. 0-0 exf5 12. Bd3 0-0 13. Bxf5 cxd4 14. cxd4 Ndb8 15. Bf4 g6 16. Bc2 Na6 17. Rc1 Na5 18. Bh6 Nc4 19. Qe2 Nc7 20. Bxf8 Bxf8 21. Bb3 Bh6 22. Rxc4 dxc4 23. Qxc4 Ne6 24. d5 Rc8 25. Qe2 Nc5 26. Rd1 Nxb3 27. axb3 Qd7 28. Qd3 Rd8 29. Qe4 Qb5 30. Qc4 Qd7 31. Kh1 Qf5 32. Qd3 Qf4 33. Qd4 Qf5 34. Qd3 Qf4 35. g3 Qg4 36. Kg2 Bg7 37. h3 Qb4 38. Qc4 Qa5 39. d6 h6 40. Qc7 Rf8 41. d7 Qb5 42. Rd2 1-0

[Event "Greenwood Village Colorado op"]
[Site "Greenwood"]
[Date "2019.??.??"]
[Round "2"]
[White "Moussa, Alaa Eddine"]
[Black "Markos, Adam"]
[Result "0-1"]
[WhiteElo "1987"]
[BlackElo "2218"]
[PlyCount "76"]
[EventDate "2019.08.31"]
[EventType "swiss"]
[EventRounds "5"]
[EventCountry "USA"]
[SourceTitle "EXT 2022"]
[Source "ChessBase"]
[SourceDate "2021.10.06"]
[SourceVersion "1"]
[SourceVersionDate "2021.10.06"]
[SourceQuality "1"]

1. d4 Nf6 2. c4 e6 3. Nf3 Bb4+ 4. Bd2 c5 5. Nc3 b6 6. d5 0-0 7. Qc2 Bxc3 8. Bxc3 exd5 9. Bxf6 Qxf6 10. cxd5 Na6 11. a3 b5 12. e4 c4 13. Be2 Nc5 14. 0-0 d6 15. Rfe1 Bg4 16. e5 dxe5 17. Nxe5 Qxe5 18. Bxg4 Qd4 19. Bf3 Rfe8 20. d6 Rxe1+ 21. Rxe1 Rd8 22. Bc6 a6 23. d7 Ne6 24. Rd1 Qe5 25. Qd2 Qc7 26. Qd5 Qa5 27. Qd6 Qb6 28. Re1 g6 29. Rxe6 fxe6 30. Qxe6+ Kg7 31. Qe7+ Kh6 32. g4 Rh8 33. g5+ Kh5 34. Bf3+ Kh4 35. Qe5 Qb8 36. Qd5 Rf8 37. Kg2 Qd8 38. Qe6 Qxg5+ 0-1

[Event "HUN-chT2 Maroczy 1516"]
[Site "Hungary"]
[Date "2016.04.17"]
[Round "9.7"]
[White "Hardicsay, Peter"]
[Black "Markos, Adam"]
[Result "1/2-1/2"]
[WhiteElo "2249"]
[BlackElo "2173"]
[PlyCount "43"]
[EventDate "2015.10.18"]
[EventType "team-tourn"]
[EventRounds "9"]
[EventCountry "HUN"]
[SourceTitle "EXT 2017"]
[Source "ChessBase"]
[SourceDate "2016.10.25"]
[SourceVersion "1"]
[SourceVersionDate "2016.10.25"]
[SourceQuality "1"]
[WhiteTeam "DVTK EMSE"]
[BlackTeam "Dunaharaszti II"]
[WhiteTeamCountry "HUN"]
[BlackTeamCountry "HUN"]

1. d4 Nf6 2. Nf3 e6 3. g3 b5 4. Bg2 Bb7 5. 0-0 c5 6. c3 Be7 7. dxc5 Bxc5 8. Nbd2 0-0 9. Nb3 Be7 10. Re1 d6 11. a4 bxa4 12. Rxa4 Nbd7 13. Na5 Be4 14. Nd4 Nc5 15. Ndc6 Qc7 16. Ra1 Bxg2 17. Kxg2 Rfc8 18. Nxe7+ Qxe7 19. f3 d5 20. Be3 Ncd7 21. Bg1 Nb6 22. Ra2 1/2-1/2

[Event "HUN-chT2 Maroczy 1516"]
[Site "Hungary"]
[Date "2016.03.20"]
[Round "7.6"]
[White "Markos, Adam"]
[Black "Feher, Gyula"]
[Result "1/2-1/2"]
[WhiteElo "2173"]
[BlackElo "2340"]
[PlyCount "40"]
[EventDate "2015.10.18"]
[EventType "team-tourn"]
[EventRounds "9"]
[EventCountry "HUN"]
[SourceTitle "EXT 2017"]
[Source "ChessBase"]
[SourceDate "2016.10.25"]
[SourceVersion "1"]
[SourceVersionDate "2016.10.25"]
[SourceQuality "1"]
[WhiteTeam "Dunaharaszti II"]
[BlackTeam "Magyar Sakkvilag"]
[WhiteTeamCountry "HUN"]
[BlackTeamCountry "HUN"]

1. c4 g6 2. Nc3 Bg7 3. g3 Nf6 4. Bg2 0-0 5. e4 d6 6. Nge2 c5 7. 0-0 Nc6 8. Rb1 Ne8 9. a3 Nc7 10. b4 Ne6 11. d3 Ned4 12. Nxd4 Nxd4 13. Ne2 Nxe2+ 14. Qxe2 Rb8 15. Bb2 e5 16. Bc3 Bd7 17. b5 a6 18. a4 axb5 19. axb5 Ra8 20. Ra1 Qc7 1/2-1/2

[Event "Budapest Karacsonyi 7th"]
[Site "Budapest"]
[Date "2015.12.29"]
[Round "4"]
[White "Eperjesi, Laszlo"]
[Black "Markos, Adam"]
[Result "1/2-1/2"]
[WhiteElo "2183"]
[BlackElo "2173"]
[PlyCount "56"]
[EventDate "2015.12.27"]
[EventType "swiss"]
[EventRounds "7"]
[EventCountry "HUN"]
[SourceTitle "CBM 170 Extra"]
[Source "ChessBase"]
[SourceDate "2016.02.25"]
[SourceVersion "1"]
[SourceVersionDate "2016.02.25"]
[SourceQuality "1"]

1. d4 Nf6 2. Nf3 e6 3. c4 Bb4+ 4. Bd2 c5 5. Bxb4 cxb4 6. g3 b6 7. a3 bxa3 8. Rxa3 0-0 9. Bg2 Bb7 10. 0-0 Nc6 11. Ne1 Qc7 12. Nc3 Na5 13. Bxb7 Qxb7 14. Qd3 Nc6 15. Nc2 a5 16. Rfa1 Rfd8 17. Qf3 d6 18. Kg2 Rab8 19. Nb5 h6 20. h4 d5 21. Ra4 Qd7 22. Nc3 dxc4 23. Rxc4 Rdc8 24. e3 Ne7 25. Rxc8+ Qxc8 26. Ne1 Qc4 27. Qe2 Qc6+ 28. Qf3 Qc4 1/2-1/2

[Event "Budapest Karacsonyi 7th"]
[Site "Budapest"]
[Date "2015.12.28"]
[Round "3"]
[White "Markos, Adam"]
[Black "Szurkos, Andras"]
[Result "1-0"]
[WhiteElo "2173"]
[BlackElo "1780"]
[PlyCount "77"]
[EventDate "2015.12.27"]
[EventType "swiss"]
[EventRounds "7"]
[EventCountry "HUN"]
[SourceTitle "CBM 170 Extra"]
[Source "ChessBase"]
[SourceDate "2016.02.25"]
[SourceVersion "1"]
[SourceVersionDate "2016.02.25"]
[SourceQuality "1"]

1. e4 e6 2. d4 d5 3. Nd2 c5 4. Ngf3 cxd4 5. exd5 exd5 6. Bb5+ Bd7 7. Bxd7+ Qxd7 8. 0-0 Nc6 9. Nb3 0-0-0 10. Bf4 Bd6 11. Bxd6 Qxd6 12. Nbxd4 Nge7 13. c3 h6 14. Qa4 Kb8 15. Nb5 Qd7 16. Qf4+ Kc8 17. Qxf7 a6 18. Nbd4 Rdf8 19. Qe6 Rf6 20. Qxd7+ Kxd7 21. Rfe1 g5 22. Ne5+ Kd6 23. Ng4 Rg6 24. Nxc6 Nxc6 25. Rad1 Rd8 26. Ne3 Kc5 27. b4+ Kb5 28. Nxd5 Ka4 29. Nb6+ Ka3 30. Nc4+ Ka4 31. Rb1 b5 32. Nb6+ Ka3 33. c4 Rd2 34. Nd5 Rd3 35. Rec1 Kxa2 36. Ra1+ Kb2 37. Ne3 Nd4 38. Rcb1+ Kc3 39. Ra3+ 1-0

[Event "HUN-chT2 Maroczy 1516"]
[Site "Hungary"]
[Date "2015.10.18"]
[Round "1.8"]
[White "Ondok, Laszlo"]
[Black "Markos, Adam"]
[Result "1-0"]
[WhiteElo "2132"]
[BlackElo "2153"]
[PlyCount "83"]
[EventDate "2015.10.18"]
[EventType "team-tourn"]
[EventRounds "9"]
[EventCountry "HUN"]
[SourceTitle "CBM 170 Extra"]
[Source "ChessBase"]
[SourceDate "2016.02.25"]
[SourceVersion "1"]
[SourceVersionDate "2016.02.25"]
[SourceQuality "1"]
[WhiteTeam "Kisujszallas"]
[BlackTeam "Dunaharaszti II"]
[WhiteTeamCountry "HUN"]
[BlackTeamCountry "HUN"]

1. e4 c5 2. Nf3 e6 3. b4 cxb4 4. d4 b6 5. Bd3 Bb7 6. 0-0 Nf6 7. Re1 Be7 8. a3 a5 9. axb4 axb4 10. Rxa8 Bxa8 11. Nbd2 Nc6 12. Nf1 Qc7 13. Ng3 Na5 14. d5 Bc5 15. d6 Qa7 16. h3 h6 17. Bb2 h5 18. Qa1 Rh6 19. Nh4 b5 20. Re2 Nc4 21. Bxf6 gxf6 22. Qc1 Rh8 23. Qf4 Qa1+ 24. Kh2 Bxd6 25. Qf3 Ne5 26. Qe3 Bc6 27. Re1 Qc3 28. Rd1 Qc5 29. Qe2 Bc7 30. Kh1 Ng4 31. hxg4 hxg4 32. Qxg4 Qxf2 33. Nh5 Qc5 34. Nxf6+ Ke7 35. Rf1 Qe5 36. Qh3 Kd8 37. Rf3 Qg5 38. g3 Bxg3 39. Qxg3 Rxh4+ 40. Kg2 Qd2+ 41. Rf2 Qh6 42. Qb8+ 1-0

[Event "Budapest Art Pub Cup 8th"]
[Site "Budapest"]
[Date "2015.07.12"]
[Round "7"]
[White "Markos, Adam"]
[Black "Toth, Tamas"]
[Result "1/2-1/2"]
[WhiteElo "2153"]
[BlackElo "1995"]
[PlyCount "51"]
[EventDate "2015.07.09"]
[EventType "swiss"]
[EventRounds "7"]
[EventCountry "HUN"]
[SourceTitle "CBM 167 Extra"]
[Source "ChessBase"]
[SourceDate "2015.09.14"]
[SourceVersion "1"]
[SourceVersionDate "2015.09.14"]
[SourceQuality "1"]

1. e4 c5 2. c4 Nc6 3. Nc3 g6 4. g3 Bg7 5. Bg2 d6 6. Nge2 e6 7. d3 h5 8. h3 Nge7 9. Be3 0-0 10. 0-0 Nd4 11. Rb1 Nec6 12. a3 a5 13. Nb5 Nxb5 14. cxb5 Nd4 15. b4 axb4 16. axb4 Ra3 17. bxc5 dxc5 18. b6 Nxe2+ 19. Qxe2 Bd4 20. Rfc1 e5 21. Rxc5 Bxc5 22. Bxc5 Rxd3 23. Bxf8 Kxf8 24. Rc1 Be6 25. Rc7 Qd4 26. Kh2 1/2-1/2

[Event "HUN-chT2 Maroczy 1415"]
[Site "Hungary"]
[Date "2015.01.25"]
[Round "5"]
[White "Kaman, Attila"]
[Black "Markos, Adam"]
[Result "1/2-1/2"]
[WhiteElo "2124"]
[BlackElo "2139"]
[PlyCount "57"]
[EventDate "2014.10.12"]
[EventType "team-tourn"]
[EventRounds "9"]
[EventCountry "HUN"]
[SourceTitle "EXT 2016"]
[Source "ChessBase"]
[SourceDate "2015.10.08"]
[SourceVersion "1"]
[SourceVersionDate "2015.10.08"]
[SourceQuality "1"]
[WhiteTeam "Hajduboszormeny"]
[BlackTeam "Dunaharaszti II"]
[WhiteTeamCountry "HUN"]
[BlackTeamCountry "HUN"]

1. Nf3 Nf6 2. c4 c5 3. Nc3 d5 4. cxd5 Nxd5 5. d4 Nxc3 6. bxc3 e6 7. e3 Be7 8. Bd3 Nd7 9. 0-0 0-0 10. Qe2 b6 11. Rd1 Qc7 12. e4 Bb7 13. e5 Rfd8 14. Ng5 Nf8 15. Qh5 Bxg5 16. Bxg5 Qc6 17. Qg4 Rd7 18. Be3 Qa4 19. Qe2 Qa3 20. dxc5 bxc5 21. Bxh7+ Kxh7 22. Rxd7 Nxd7 23. Qd3+ Kg8 24. Qxd7 Qxc3 25. Rc1 Qb4 26. Bxc5 Qe4 27. f3 Qf4 28. Rd1 Qxe5 29. Qd4 1/2-1/2

[Event "Budapest op 4th"]
[Site "Budapest"]
[Date "2014.08.22"]
[Round "7"]
[White "Markos, Adam"]
[Black "Mester, Attila"]
[Result "1-0"]
[WhiteElo "2135"]
[BlackElo "2006"]
[PlyCount "137"]
[EventDate "2014.08.16"]
[EventType "swiss"]
[EventRounds "9"]
[EventCountry "HUN"]
[SourceTitle "CBM 161 Extra"]
[Source "ChessBase"]
[SourceDate "2014.08.29"]
[SourceVersion "1"]
[SourceVersionDate "2014.08.29"]
[SourceQuality "1"]

1. c4 e5 2. Nc3 Nf6 3. g3 Bb4 4. Bg2 0-0 5. a3 Bxc3 6. dxc3 d6 7. Nf3 Nc6 8. 0-0 Be6 9. b3 h6 10. Ne1 d5 11. cxd5 Bxd5 12. Nd3 Bxg2 13. Kxg2 Qe7 14. Qc2 Qe6 15. f3 b6 16. e4 Na5 17. c4 c5 18. Bb2 Nc6 19. b4 Nd7 20. Rac1 Rac8 21. Qa4 Rc7 22. Qb5 Rfc8 23. bxc5 bxc5 24. Rf2 Rb8 25. Qa4 Qd6 26. Rd1 Nd4 27. Rfd2 Nb6 28. Qa6 Qe6 29. Bxd4 cxd4 30. Rb1 Rbc8 31. c5 Nc4 32. Qxe6 fxe6 33. Ra2 Kf7 34. Rc1 Ne3+ 35. Kf2 Kf6 36. Rb2 Rc6 37. a4 g5 38. h3 h5 39. a5 h4 40. g4 R6c7 41. Rb5 Rc6 42. Nb4 Nd1+ 43. Rxd1 Rxc5 44. Rxc5 Rxc5 45. a6 Rc4 46. Rb1 Rc3 47. Rb2 Rc4 48. Rb3 Rc5 49. Ke2 Ra5 50. Kd3 Rc5 51. Nc2 Ra5 52. Ra3 Rc5 53. Nb4 Ke7 54. Ra5 Rc3+ 55. Ke2 Rc4 56. Rb5 Kf6 57. Rb7 Kg6 58. Kd2 Kf6 59. Nd3 Ra4 60. Rxa7 Ra2+ 61. Kc1 Ra3 62. Kc2 Rc3+ 63. Kd2 Ra3 64. Ra8 Ra2+ 65. Kd1 Ra3 66. Kc2 Rc3+ 67. Kd2 Ra3 68. a7 Kg7 69. Nxe5 1-0

[Event "Budapest op 4th"]
[Site "Budapest"]
[Date "2014.08.21"]
[Round "6"]
[White "Grigoryan, Meri"]
[Black "Markos, Adam"]
[Result "1/2-1/2"]
[WhiteElo "1996"]
[BlackElo "2135"]
[PlyCount "202"]
[EventDate "2014.08.16"]
[EventType "swiss"]
[EventRounds "9"]
[EventCountry "HUN"]
[SourceTitle "CBM 161 Extra"]
[Source "ChessBase"]
[SourceDate "2014.08.29"]
[SourceVersion "1"]
[SourceVersionDate "2014.08.29"]
[SourceQuality "1"]

1. d4 Nf6 2. Bf4 d5 3. c3 c5 4. dxc5 a5 5. Bxb8 Rxb8 6. Nf3 e6 7. b4 Bd7 8. a3 b6 9. cxb6 Qxb6 10. e3 Bd6 11. Be2 0-0 12. 0-0 Rfc8 13. Qb3 a4 14. Qc2 e5 15. Rd1 Qc7 16. h3 Qd8 17. c4 e4 18. Ne1 Qe7 19. Qb2 dxc4 20. Qd2 Qe5 21. Qxd6 Qxa1 22. Bxc4 Be8 23. Qd4 Qxd4 24. Rxd4 Rd8 25. Nc2 Rbc8 26. Nd2 Kf8 27. Kf1 Ke7 28. Rxd8 Kxd8 29. Nd4 Ke7 30. Ke2 g6 31. Kd1 Nd7 32. Bb5 Nb6 33. Bxe8 Kxe8 34. Nxe4 Ke7 35. Nc5 Kd6 36. Nb5+ Kd5 37. Nc3+ Kc4 38. N3xa4 Nxa4 39. Nxa4 Kb3 40. Nc5+ Kxa3 41. Nd3 Kb3 42. Ke2 Kc3 43. b5 f6 44. Nf4 Kc4 45. Kf3 Rb8 46. h4 Rxb5 47. g4 Rb8 48. Nh3 Kd5 49. Nf4+ Ke5 50. Nd3+ Kd6 51. Nf4 Rb3 52. Ne2 Rb1 53. Ng3 Ke5 54. h5 Rg1 55. hxg6 hxg6 56. Ne2 Rh1 57. Ng3 Rh2 58. Nf1 Rh3+ 59. Kg2 Rh4 60. Kf3 f5 61. gxf5 Kxf5 62. Ng3+ Ke5 63. Ne2 Ra4 64. Nf4 g5 65. Ne2 Ra2 66. Ng3 Rb2 67. Nh5 g4+ 68. Kxg4 Rxf2 69. Kg3 Rf7 70. Nf4 Ke4 71. Kf2 Ra7 72. Ng2 Ra2+ 73. Kg3 Rb2 74. Nf4 Kxe3 75. Nd5+ Ke4 76. Nf6+ Kf5 77. Nd5 Ke5 78. Ne3 Ke4 79. Ng2 Rb3+ 80. Kf2 Rf3+ 81. Ke2 Rf8 82. Ne1 Ra8 83. Kd2 Ra2+ 84. Nc2 Ra7 85. Kc3 Rd7 86. Nb4 Rd6 87. Nc2 Rc6+ 88. Kd2 Rc5 89. Nb4 Kd4 90. Nc2+ Kc4 91. Ne3+ Kd4 92. Nc2+ Ke4 93. Nb4 Rc8 94. Nc2 Rc4 95. Ne1 Rd4+ 96. Kc3 Rd1 97. Nc2 Rd3+ 98. Kc4 Rh3 99. Nb4 Rh8 100. Kc5 Rc8+ 101. Nc6 Rxc6+ 1/2-1/2

[Event "Budapest op 4th"]
[Site "Budapest"]
[Date "2014.08.19"]
[Round "4"]
[White "Heyl, Thomas"]
[Black "Markos, Adam"]
[Result "0-1"]
[WhiteElo "2001"]
[BlackElo "2135"]
[PlyCount "40"]
[EventDate "2014.08.16"]
[EventType "swiss"]
[EventRounds "9"]
[EventCountry "HUN"]
[SourceTitle "CBM 161 Extra"]
[Source "ChessBase"]
[SourceDate "2014.08.29"]
[SourceVersion "1"]
[SourceVersionDate "2014.08.29"]
[SourceQuality "1"]

1. c4 c5 2. g3 Nf6 3. Bg2 d5 4. cxd5 Nxd5 5. Nc3 Nxc3 6. bxc3 Nc6 7. Nf3 e5 8. Qc2 Be7 9. 0-0 0-0 10. Bb2 Bg4 11. Rfd1 Rc8 12. Qa4 Qd7 13. d4 b5 14. Qa6 exd4 15. cxd4 Nb4 16. Qa5 Bd8 17. Qa3 Nc2 18. Ne5 Qe6 19. d5 Qxe5 20. Qb3 Nxa1 0-1

[Event "Budapest op 4th"]
[Site "Budapest"]
[Date "2014.08.18"]
[Round "3"]
[White "Markos, Adam"]
[Black "Szecsi, Peter"]
[Result "1-0"]
[WhiteElo "2135"]
[BlackElo "1858"]
[PlyCount "95"]
[EventDate "2014.08.16"]
[EventType "swiss"]
[EventRounds "9"]
[EventCountry "HUN"]
[SourceTitle "CBM 161 Extra"]
[Source "ChessBase"]
[SourceDate "2014.08.29"]
[SourceVersion "1"]
[SourceVersionDate "2014.08.29"]
[SourceQuality "1"]

1. c4 Nf6 2. Nf3 e6 3. g3 d5 4. Bg2 Be7 5. 0-0 0-0 6. b3 c5 7. Bb2 Nc6 8. d3 d4 9. e4 e5 10. Nbd2 Qc7 11. h3 h6 12. Qe2 Bd7 13. Nh2 Qc8 14. h4 Ng4 15. Nxg4 Bxg4 16. f3 Bh3 17. Rf2 Bxg2 18. Kxg2 Qe6 19. a3 a5 20. Rh1 f6 21. f4 Bd6 22. f5 Qf7 23. g4 g6 24. fxg6 Qxg6 25. Kh3 Rf7 26. Nf1 Kf8 27. Ng3 Ke8 28. Bc1 Bf8 29. Rhf1 Ne7 30. Nh5 Ra6 31. Bd2 Ng8 32. Ng3 Ne7 33. Nf5 Nxf5 34. gxf5 Qh7 35. Rg2 h5 36. Rg6 b6 37. Rfg1 Raa7 38. Qd1 Rae7 39. b4 Rd7 40. bxa5 bxa5 41. Qa4 Rg7 42. Qc6 Rxg6 43. fxg6 Qg8 44. Bxa5 Be7 45. Qc8+ Bd8 46. Bxd8 Rxd8 47. Qc6+ Rd7 48. g7 1-0

[Event "Puspokladany Arnoth Memorial 07th"]
[Site "Puspokladany"]
[Date "2014.07.16"]
[Round "1"]
[White "Keseru, Tibor"]
[Black "Markos, Adam"]
[Result "0-1"]
[WhiteElo "1805"]
[BlackElo "2132"]
[PlyCount "42"]
[EventDate "2014.07.16"]
[EventType "swiss"]
[EventRounds "9"]
[EventCountry "HUN"]
[SourceTitle "EXT 2016"]
[Source "ChessBase"]
[SourceDate "2015.10.08"]
[SourceVersion "1"]
[SourceVersionDate "2015.10.08"]
[SourceQuality "1"]

1. e4 d6 2. Nc3 Nf6 3. d4 c6 4. Bd3 e5 5. dxe5 dxe5 6. Nf3 Bc5 7. h3 Nbd7 8. 0-0 0-0 9. Qe2 Re8 10. Bc4 h6 11. Rd1 Qc7 12. Nh4 b5 13. Bb3 a5 14. a4 b4 15. Nb1 Nf8 16. Nf5 Bxf5 17. exf5 e4 18. Qc4 Qa7 19. Qe2 e3 20. Bxe3 Bxe3 21. fxe3 Rxe3 0-1